| 000 | 00638nam a22001937a 4500 | ||
|---|---|---|---|
| 005 | 20251108170933.0 | ||
| 008 | 250721s9999 xx 000 0 ara d | ||
| 082 | 1 | 4 | _aم/216/حجا |
| 100 | 1 | _aالحجاوي، شرف الدين أبي النجا موسى بن أحمد | |
| 245 | 1 | 0 | _aالروض المربع بشرح زاد المستنقع - مختصر المقنع في فقه 000 / |
| 250 | _aط8 | ||
| 264 | 1 |
_aبيروت : _bدار الكتب العلمية، _c[19-]. |
|
| 300 | _a426ص | ||
| 650 | 1 | 7 | _aالإسلام |
| 650 | 1 | 7 | _aفقه |
| 650 | 1 | 7 | _aالمذهب الحنبلي |
| 942 |
_2ddc _cREF |
||
| 999 |
_c52545 _d52545 |
||